000 00394nam a2200157Ia 4500
003 Ost
005 20260225132539.0
008 260225s9999||||xx |||||||||||||| ||und||
040 _cfsic
041 _afre
082 _a321.8
100 _aDirigés par :Alain gébédan
_eAuteur
245 0 _aDictionnaire des idées politiques /
245 0 _cDirigés par :Alain gébédan
942 _cكتاب
999 _c33365
_d33365